Failed Flag Proposals - Statistics

General Stats
  • This quiz has been taken 28,016 times
  • The average score is 10 of 16
Answer Stats
Picture Hint Answer % Correct
Oceania Australia
95%
Europe United Kingdom
94%
Oceania New Zealand
90%
Africa Nigeria
82%
Asia India
80%
Asia Philippines
78%
Europe Bosnia and Herzegovina
77%
Asia Kyrgyzstan
75%
South America Bolivia
67%
North America Mexico
66%
Asia Kazakhstan
65%
Europe Montenegro
55%
Europe Luxembourg
45%
Africa South Africa
40%
Africa Togo
13%
Asia Cyprus
12%
No matching quizzes found
Score Distribution
Percent of People with Each Score
Percentile by Number Answered
Your Score History
You have not taken this quiz